000 00371nam a22001337a 4500
999 _c99171
_d99171
005 20200512113408.0
008 171013b xxu||||| |||| 00| 0 eng d
020 _a091246321X
040 _cPK-LaUMT
082 _aPKAC 297.07
_bTOW-
245 _aToward Islamization of disciplines/
260 _aVirginia:
_bInternational institute of Islamic thought,
_c1989
942 _cBK